000 00823nab a2200241 u 4500
001 12918
003 HDC
007 cr bn ---aaaaa
008 210211c my dr|nes 0 eng d
040 _aHDC
245 0 _aGet Rid Of Prejudice Against Local SMI Products, M'sian Consumers Told
260 _a[no place] :
_b[publisher not identified],
_c[no year]
336 _atext
_2rdacontent
337 _acomputer
_2rdamedia
338 _aonline resource
_2rdacarrier
650 _aHalal certificate
_9482
650 _aSmall and medium industry
_913758
710 _aMalaysian Digest
856 _zRequest full-text at [email protected]
942 _2lcc
942 _cNEWS
942 _kNWSO 002749
999 _c10234
_d10234